000 00219nam a2200085Ia 4500
942 _cBK
245 0 _aMANAGERIAL ECONOMICS A EUROPEAN TEXT
100 _a GEORGE A. PETROCHILOS
008 210804s9999 xx 000 0 und d
999 _c40636
_d40635